[Event "Tula Sinitsin Memorial"]
[Site "Tula"]
[Date "2010.04.??"]
[Round "3"]
[White "Semenov, Nikolai"]
[Black "Kinin, Igor"]
[Result "1-0"]
[WhiteElo "2091"]
[BlackElo "2019"]
[PlyCount "41"]
[EventDate "2010.04.??"]
[EventType "tourn"]
[EventRounds "17"]
[EventCountry "RUS"]
[SourceTitle "EXT 2012"]
[Source "ChessBase"]
[SourceDate "2011.11.24"]
[SourceVersion "1"]
[SourceVersionDate "2011.11.24"]
[SourceQuality "1"]

1. e4 d6 2. d4 g6 3. Nf3 Bg7 4. Bc4 Nc6 5. h3 e5 6. Be3 f5 7. exf5 Bxf5 8. c3 d5 9. Bb5 a6 10. Bxc6+ bxc6 11. dxe5 Ne7 12. Bc5 0-0 13. Nbd2 Rb8 14. Nb3 Be4 15. Nbd4 Rxb2 16. Ne6 Qe8 17. Nxf8 Qxf8 18. 0-0 Qb8 19. Bd4 Nf5 20. Ng5 Ng3 21. Re1 1-0

[Event "Tula Sinitsin Memorial"]
[Site "Tula"]
[Date "2010.04.??"]
[Round "1"]
[White "Semenov, Nikolai"]
[Black "Kuznezov, Albert"]
[Result "1/2-1/2"]
[WhiteElo "2091"]
[BlackElo "2019"]
[PlyCount "80"]
[EventDate "2010.04.??"]
[EventType "tourn"]
[EventRounds "17"]
[EventCountry "RUS"]
[SourceTitle "EXT 2012"]
[Source "ChessBase"]
[SourceDate "2011.11.24"]
[SourceVersion "1"]
[SourceVersionDate "2011.11.24"]
[SourceQuality "1"]

1. e4 e6 2. Qe2 Be7 3. Nf3 d5 4. exd5 exd5 5. d4 Nf6 6. g3 0-0 7. Bg2 Re8 8. 0-0 h6 9. Qd3 c6 10. b3 Be6 11. Nbd2 Qc8 12. c4 Bf5 13. Qc3 a5 14. a3 Ne4 15. Nxe4 Bxe4 16. Bf4 Bf6 17. c5 Qf5 18. b4 g5 19. Bd6 axb4 20. axb4 Nd7 21. Rfe1 g4 22. Nd2 Bxg2 23. Rxa8 Rxa8 24. Kxg2 Nf8 25. Be5 Ne6 26. f4 Ra2 27. Bxf6 Qxf6 28. Re5 Qg6 29. Re2 Qc2 30. Qe3 Qb2 31. f5 Qxd4 32. fxe6 Qxe3 33. exf7+ Kxf7 34. Rxe3 Rxd2+ 35. Kg1 Rb2 36. h3 Rxb4 37. hxg4 Rxg4 38. Rb3 Kg6 39. Kf2 Rc4 40. Rxb7 Rxc5 1/2-1/2

[Event "Tula Efremenkov Memorial"]
[Site "Tula"]
[Date "2008.01.09"]
[Round "8"]
[White "Drizgalovich, Mikhail"]
[Black "Semenov, Nikolai"]
[Result "1/2-1/2"]
[WhiteElo "2212"]
[BlackElo "2091"]
[PlyCount "24"]
[EventDate "2008.01.02"]
[EventType "tourn"]
[EventRounds "9"]
[EventCountry "RUS"]
[SourceTitle "CBM 122 Extra"]
[Source "ChessBase"]
[SourceDate "2008.03.04"]
[SourceVersion "1"]
[SourceVersionDate "2008.03.04"]
[SourceQuality "1"]

1. e4 e5 2. Nf3 Nf6 3. Nxe5 d6 4. Nf3 Nxe4 5. d4 d5 6. c4 Bb4+ 7. Bd2 Nxd2 8. Nbxd2 0-0 9. Be2 dxc4 10. 0-0 c3 11. Qb3 cxb2 12. Qxb2 Be7 1/2-1/2

[Event "Tula Efremenkov Memorial"]
[Site "Tula"]
[Date "2008.01.04"]
[Round "3"]
[White "Maslova, Elena"]
[Black "Semenov, Nikolai"]
[Result "0-1"]
[WhiteElo "2027"]
[BlackElo "2091"]
[PlyCount "136"]
[EventDate "2008.01.02"]
[EventType "tourn"]
[EventRounds "9"]
[EventCountry "RUS"]
[SourceTitle "CBM 122 Extra"]
[Source "ChessBase"]
[SourceDate "2008.03.04"]
[SourceVersion "1"]
[SourceVersionDate "2008.03.04"]
[SourceQuality "1"]

1. e4 e5 2. d4 exd4 3. Bc4 Bb4+ 4. c3 dxc3 5. bxc3 Bd6 6. Nf3 Nc6 7. 0-0 Nge7 8. Ng5 Ne5 9. Bb3 Bc5 10. Nxf7 Nxf7 11. Bxf7+ Kxf7 12. Qh5+ g6 13. Qxc5 d6 14. Qb5 Qd7 15. Qc4+ d5 16. exd5 Nxd5 17. Rd1 c6 18. Qb3 Qe6 19. c4 Re8 20. Nd2 Nf4 21. Bb2 Qg4 22. g3 c5 23. Nf3 b6 24. Ne5+ Rxe5 25. Bxe5 Ne2+ 26. Kg2 Qh3+ 27. Kh1 Bb7+ 28. f3 Re8 29. Bd6 Nd4 30. Rxd4 cxd4 31. c5+ Qe6 32. cxb6 Qxb3 33. axb3 Bxf3+ 34. Kg1 axb6 35. Ra6 d3 36. Bf4 Bg4 37. Rxb6 Re1+ 38. Kf2 Re2+ 39. Kg1 d2 40. Rb7+ Ke6 41. Bxd2 Rxd2 42. Rxh7 Rb2 43. h3 Bf3 44. g4 Kf6 45. Rc7 Kg5 46. Rf7 Bd5 47. Rc7 Bxb3 48. Rb7 Kh4 49. Rh7+ Kg3 50. Kf1 Bd5 51. g5 Bf3 52. Ke1 Bh5 53. Rc7 Kxh3 54. Rc4 Bg4 55. Rc6 Bf5 56. Rc4 Rg2 57. Rc3+ Kh4 58. Kf1 Bh3 59. Ke1 Rxg5 60. Kf2 Rg2+ 61. Ke1 Ra2 62. Rc4+ Kg3 63. Rc3+ Kh2 64. Rc5 Rg2 65. Kd1 g5 66. Ke1 g4 67. Rg5 g3 68. Kd1 Ra2 0-1

[Event "Tula CC-ch"]
[Site "Tula"]
[Date "2007.12.25"]
[Round "8"]
[White "Krivobokov, Sergei"]
[Black "Semenov, Nikolai"]
[Result "0-1"]
[WhiteElo "2142"]
[BlackElo "2091"]
[PlyCount "29"]
[EventDate "2007.12.08"]
[EventType "swiss"]
[EventRounds "9"]
[EventCountry "RUS"]
[SourceTitle "CBM 122 Extra"]
[Source "ChessBase"]
[SourceDate "2008.03.04"]
[SourceVersion "1"]
[SourceVersionDate "2008.03.04"]
[SourceQuality "1"]

1. e4 e5 2. Nc3 Nc6 3. Bc4 Bc5 4. Qg4 Qf6 5. Qg3 d6 6. d3 Nd4 7. Bb3 Be6 8. Nce2 Nxb3 9. axb3 Ne7 10. f4 Ng6 11. Qf3 Nxf4 12. Nxf4 exf4 13. Qxf4 0-0 14. Ne2 Qxf4 15. Nxf4 0-1

[Event "Tula CC-ch"]
[Site "Tula"]
[Date "2007.12.24"]
[Round "7"]
[White "Semenov, Nikolai"]
[Black "Rodionov, Alexander1111"]
[Result "1-0"]
[WhiteElo "2091"]
[BlackElo "2053"]
[PlyCount "115"]
[EventDate "2007.12.08"]
[EventType "swiss"]
[EventRounds "9"]
[EventCountry "RUS"]
[SourceTitle "CBM 122 Extra"]
[Source "ChessBase"]
[SourceDate "2008.03.04"]
[SourceVersion "1"]
[SourceVersionDate "2008.03.04"]
[SourceQuality "1"]

1. e4 e5 2. Nc3 Bc5 3. Nf3 d6 4. Bb5+ c6 5. Be2 Nf6 6. 0-0 0-0 7. d4 exd4 8. Nxd4 Re8 9. Nb3 Bb6 10. Bg5 h6 11. Bh4 g5 12. Bg3 Nxe4 13. Nxe4 Rxe4 14. Bf3 Re7 15. Qxd6 Qxd6 16. Bxd6 Re8 17. Rfe1 Be6 18. Bg4 Rd8 19. Be7 Rd7 20. Rxe6 fxe6 21. Bxe6+ Kg7 22. Bxd7 Nxd7 23. Rd1 Ne5 24. Bc5 Bxc5 25. Nxc5 b6 26. Ne4 Re8 27. h3 Nc4 28. Rd7+ Kg6 29. f3 Re6 30. b3 Ne3 31. c4 a6 32. g4 h5 33. Kf2 Nc2 34. Rd2 Na3 35. Rd7 hxg4 36. hxg4 Nc2 37. Ra7 Nb4 38. a3 Nd3+ 39. Ke3 Nc5 40. b4 Nb3 41. Rxa6 c5 42. b5 Nd4 43. Kf2 Nb3 44. a4 Na5 45. Nxc5 Rd6 46. Ne4 Re6 47. c5 Nc4 48. cxb6 Nxb6 49. a5 Kh7 50. Nxg5+ Kg8 51. Nxe6 Nd7 52. Ra8+ Kh7 53. Ra7 Kg6 54. Rxd7 Kf6 55. Nc5 Ke5 56. Ke3 Kf6 57. f4 Kg6 58. a6 1-0

[Event "Tula CC-ch"]
[Site "Tula"]
[Date "2007.12.19"]
[Round "4"]
[White "Salahutdinov, Sergei"]
[Black "Semenov, Nikolai"]
[Result "1-0"]
[WhiteElo "2093"]
[BlackElo "2091"]
[PlyCount "47"]
[EventDate "2007.12.08"]
[EventType "swiss"]
[EventRounds "9"]
[EventCountry "RUS"]
[SourceTitle "CBM 122 Extra"]
[Source "ChessBase"]
[SourceDate "2008.03.04"]
[SourceVersion "1"]
[SourceVersionDate "2008.03.04"]
[SourceQuality "1"]

1. d4 d5 2. c4 e6 3. Nc3 Nf6 4. cxd5 exd5 5. Bg5 Be7 6. Qc2 c6 7. e3 0-0 8. Bd3 Nbd7 9. Nge2 Re8 10. 0-0 Nf8 11. Rad1 Bg4 12. f3 Bh5 13. Ng3 Bg6 14. Bxg6 hxg6 15. e4 Ne6 16. Be3 dxe4 17. fxe4 Ng4 18. Bf2 Rf8 19. Kh1 Nxf2+ 20. Qxf2 Qb6 21. d5 Bc5 22. Qd2 cxd5 23. exd5 Rad8 24. Rf3 1-0

[Event "RUS Central Region-ch"]
[Site "Tula "]
[Date "2007.03.21"]
[Round "5"]
[White "Semenov, Nikolai"]
[Black "Shishkin, Pavel"]
[Result "0-1"]
[WhiteElo "2095"]
[BlackElo "2235"]
[PlyCount "116"]
[EventDate "2007.03.17"]
[EventType "swiss"]
[EventRounds "9"]
[EventCountry "RUS"]
[SourceTitle "EXT 2008"]
[Source "ChessBase"]
[SourceDate "2007.11.25"]
[SourceVersion "1"]
[SourceVersionDate "2007.11.25"]
[SourceQuality "1"]

1. e4 e6 2. d4 d5 3. exd5 exd5 4. c4 Nf6 5. Nc3 Be7 6. Nf3 0-0 7. Ne5 Nbd7 8. cxd5 Bd6 9. Nc4 Nb6 10. Nxd6 Qxd6 11. Be2 Nbxd5 12. 0-0 c6 13. Bg5 Bf5 14. Bd3 Bxd3 15. Qxd3 Rfe8 16. Rfe1 Re6 17. Bxf6 Nxf6 18. Ne4 Nxe4 19. Rxe4 Rd8 20. Rd1 g6 21. Rh4 Rde8 22. Kf1 Qb4 23. g3 Qxb2 24. Rd2 Qc1+ 25. Kg2 Re1 26. d5 cxd5 27. Rd4 Rg1+ 28. Kf3 Qc6 29. h4 Rc1 30. Re2 Rxe2 31. Qxe2 Rc4 32. Qe5 Rxd4 33. Qxd4 a6 34. Kg2 Qc4 35. Qb6 Qc6 36. Qd8+ Kg7 37. Kg1 h5 38. Qb8 d4 39. Qe5+ Qf6 40. Qe4 b5 41. a3 Qd6 42. Qd3 Qd5 43. g4 hxg4 44. Kh2 f5 45. Qc2 Qc4 46. Qd2 d3 47. h5 f4 48. Qb2+ Kh7 49. h6 Qc7 50. Qd4 Kxh6 51. Qxd3 f3+ 52. Kg1 Qf4 53. Qc3 Kh7 54. Qc5 g3 55. Qa7+ Kh6 56. Qc5 gxf2+ 57. Kxf2 Qh2+ 58. Ke3 Qg1+ 0-1

[Event "Tula Suetin Memorial op"]
[Site "Tula"]
[Date "2006.11.23"]
[Round "3"]
[White "Semenov, Nikolai"]
[Black "Kramorev, Yuri"]
[Result "1/2-1/2"]
[WhiteElo "2114"]
[BlackElo "1966"]
[PlyCount "50"]
[EventDate "2006.11.21"]
[EventType "swiss"]
[EventRounds "9"]
[EventCountry "RUS"]
[SourceTitle "EXT 2010"]
[Source "ChessBase"]
[SourceDate "2010.11.25"]
[SourceVersion "1"]
[SourceVersionDate "2010.11.25"]
[SourceQuality "1"]

1. c4 e5 2. Nc3 Nf6 3. Nf3 Nc6 4. d4 exd4 5. Nxd4 Nxd4 6. Qxd4 Be7 7. e4 0-0 8. e5 Ne8 9. Bd3 d6 10. Qe4 g6 11. Bh6 Ng7 12. exd6 Bxd6 13. 0-0-0 Re8 14. Qf3 Qh4 15. Bxg7 Kxg7 16. h3 Qf4+ 17. Qxf4 Bxf4+ 18. Kc2 c6 19. Rhe1 Rxe1 20. Rxe1 Be6 21. Ne4 b6 22. g3 Bc7 23. Ng5 Re8 24. Nxe6+ fxe6 25. Be4 c5 1/2-1/2

[Event "Tula CC-ch"]
[Site "Tula"]
[Date "2005.10.17"]
[Round "3"]
[White "Drizgalovich, Mikhail"]
[Black "Semenov, Nikolai"]
[Result "0-1"]
[WhiteElo "2068"]
[BlackElo "2078"]
[PlyCount "46"]
[EventDate "2005.10.15"]
[EventType "swiss"]
[EventRounds "9"]
[EventCountry "RUS"]
[SourceTitle "EXT 2006"]
[Source "ChessBase"]
[SourceDate "2005.11.24"]
[SourceVersion "1"]
[SourceVersionDate "2005.11.24"]
[SourceQuality "1"]

1. e4 e6 2. d4 b6 3. Nf3 Bb7 4. Bd3 Nf6 5. Nbd2 c5 6. dxc5 Bxc5 7. 0-0 0-0 8. Nb3 Nxe4 9. Bxe4 Bxe4 10. Nxc5 bxc5 11. Re1 Bxf3 12. Qxf3 d5 13. c3 Nc6 14. Bf4 Re8 15. Rad1 Qb6 16. Bc1 Rad8 17. h3 d4 18. a3 e5 19. g3 a5 20. Kg2 a4 21. h4 Re6 22. Re4 h6 23. Qe2 f5 0-1

[Event "Tula Region-ch"]
[Site "Tula"]
[Date "2005.08.10"]
[Round "6"]
[White "Kosov, Ivan"]
[Black "Semenov, Nikolai"]
[Result "1-0"]
[WhiteElo "2199"]
[BlackElo "2078"]
[PlyCount "67"]
[EventDate "2005.08.05"]
[EventType "swiss"]
[EventRounds "9"]
[EventCountry "RUS"]
[SourceTitle "EXT 2006"]
[Source "ChessBase"]
[SourceDate "2005.11.24"]
[SourceVersion "1"]
[SourceVersionDate "2005.11.24"]
[SourceQuality "1"]

1. e4 e5 2. Nf3 Nf6 3. Nxe5 d6 4. Nf3 Nxe4 5. Nc3 Nf6 6. d4 Be7 7. Be2 0-0 8. 0-0 Re8 9. h3 Nbd7 10. Bf4 c6 11. Re1 b5 12. d5 b4 13. dxc6 bxc3 14. cxd7 Qxd7 15. bxc3 Bb7 16. Nd4 a6 17. Bf3 Nd5 18. Rb1 Rab8 19. Rxb7 Qxb7 20. Nf5 Bf8 21. Rxe8 Rxe8 22. Bxd5 Qd7 23. Qg4 Kh8 24. Nxd6 Re1+ 25. Kh2 f5 26. Qxf5 Qxf5 27. Nxf5 Re2 28. Be3 Rxc2 29. Bd4 h5 30. Kg3 Kh7 31. Nxg7 Rd2 32. Nxh5 Bd6+ 33. f4 Kg6 34. Kg4 1-0

[Event "Tula Region-ch"]
[Site "Tula"]
[Date "2005.08.09"]
[Round "5"]
[White "Semenov, Nikolai"]
[Black "Krivobokov, Aleksey"]
[Result "1/2-1/2"]
[WhiteElo "2078"]
[BlackElo "2178"]
[PlyCount "62"]
[EventDate "2005.08.05"]
[EventType "swiss"]
[EventRounds "9"]
[EventCountry "RUS"]
[SourceTitle "EXT 2006"]
[Source "ChessBase"]
[SourceDate "2005.11.24"]
[SourceVersion "1"]
[SourceVersionDate "2005.11.24"]
[SourceQuality "1"]

1. e4 c6 2. d4 d5 3. e5 c5 4. Bb5+ Bd7 5. Nc3 Bxb5 6. Nxb5 a6 7. Nc3 Nc6 8. Be3 e6 9. Nf3 Nge7 10. 0-0 Nf5 11. Ne2 cxd4 12. Bxd4 Nfxd4 13. Nexd4 Bc5 14. c3 0-0 15. Nxc6 bxc6 16. b4 Bb6 17. Nd4 c5 18. Nb3 cxb4 19. cxb4 Qg5 20. Qe2 Qh4 21. Nc5 Bxc5 22. bxc5 Rfc8 23. Rfc1 Rc6 24. Rc2 Rac8 25. Rac1 Qd4 26. Qe3 Qb4 27. Qb3 Qa5 28. g3 h6 29. Qc3 Qa4 30. Qb3 Qd4 31. Qc3 Qa4 1/2-1/2